[Event "SC Steinfurt 1 - Schach Nienberge 1"]
[Site "Regionalliga 2015/2016"]
[Date "2016.01.30"]
[Round "6.2"]
[White "Grälken, Matthias"]
[Black "Ringwelski, Marius"]
[Result "1/2-1/2"]
[WhiteElo "2018"]
[BlackElo "1995"]
[PlyCount "40"]
[EventDate "2016.??.??"]
[SourceDate "2016.02.08"]

1. d4 Nf6 2. Nf3 e6 3. Bg5 d5 4. Nbd2 Be7 5. e3 O-O 6. Bd3 c5 7. c3 b6 8. Ne5
h6 9. Bh4 Bb7 10. O-O Ne4 11. Bxe7 Qxe7 12. a4 Nd7 13. Nxd7 Qxd7 14. a5 Nd6 15.
Qe2 Bc6 16. Ra2 Bb5 17. axb6 Bxd3 18. Qxd3 axb6 19. Rfa1 Qb7 20. Qc2 Rxa2
1/2-1/2

[Event "SC Steinfurt 1 - Schach Nienberge 1"]
[Site "Regionalliga 2015/2016"]
[Date "2016.01.30"]
[Round "6.3"]
[White "Kemper, Georg"]
[Black "Yust, Evgeniy"]
[Result "1-0"]
[WhiteElo "1887"]
[BlackElo "1924"]
[PlyCount "53"]
[EventDate "2016.??.??"]
[SourceDate "2016.02.08"]

1. d4 f5 2. c4 Nf6 3. g3 e6 4. Bg2 c6 5. Nh3 d5 6. Nd2 Bd6 7. O-O O-O 8. Nf3
Nbd7 9. Qc2 Ne4 10. Nf4 Qe8 11. Nd3 b6 12. b4 Ba6 13. c5 bxc5 14. bxc5 Bc7 15.
Bf4 Bxf4 16. gxf4 Qh5 17. Nfe5 Nxe5 18. fxe5 Bxd3 19. Qxd3 Qf7 20. f3 Ng5 21.
h4 h6 22. hxg5 hxg5 23. e4 dxe4 24. fxe4 f4 25. Bh3 f3 26. Bg4 f2+ 27. Kg2 1-0

[Event "SC Steinfurt 1 - Schach Nienberge 1"]
[Site "Regionalliga 2015/2016"]
[Date "2016.01.30"]
[Round "6.4"]
[White "Janning, Rainer"]
[Black "Gottkehaskamp, Philipp"]
[Result "1/2-1/2"]
[WhiteElo "1849"]
[BlackElo "1975"]
[PlyCount "37"]
[EventDate "2016.??.??"]
[SourceDate "2016.02.08"]

1. f4 Nf6 2. Nf3 g6 3. e3 Bg7 4. c3 O-O 5. Be2 d5 6. O-O c5 7. d4 b6 8. Ne5 e6
9. Nd2 Bb7 10. Qe1 Qc8 11. Rf3 Ba6 12. Bd1 Nc6 13. Rh3 Ne7 14. g4 Re8 15. g5
Nd7 16. Qh4 Nf8 17. Bc2 Nf5 18. Qf2 Nd7 19. Bxf5 1/2-1/2

[Event "SC Steinfurt 1 - Schach Nienberge 1"]
[Site "Regionalliga 2015/2016"]
[Date "2016.01.30"]
[Round "6.5"]
[White "Gottkehaskamp, Stefan"]
[Black "Raue, Thorsten"]
[Result "1-0"]
[WhiteElo "1953"]
[BlackElo "1786"]
[PlyCount "75"]
[EventDate "2016.??.??"]
[SourceDate "2016.02.08"]

1. d4 Nf6 2. Bf4 c5 3. e3 cxd4 4. exd4 g6 5. Nf3 Bg7 6. Nbd2 O-O 7. c3 b6 8. h3
Bb7 9. Be2 d6 10. O-O Nbd7 11. Re1 e5 12. dxe5 Nd5 13. Bg5 Qc7 14. c4 Nb4 15.
Be7 Nxe5 16. Bxf8 Rxf8 17. Qb3 Na6 18. Nxe5 dxe5 19. Bf3 Nc5 20. Qa3 Bc8 21.
Bd5 Kh8 22. Ne4 Nxe4 23. Rxe4 f5 24. Ree1 e4 25. Rad1 Re8 26. b4 Bd7 27. b5 Bf8
28. Qc1 Qc5 29. Bxe4 Bxb5 30. cxb5 fxe4 31. Qxc5 Bxc5 32. Rd7 e3 33. fxe3 Ra8
34. Kh1 a6 35. a4 axb5 36. axb5 Ra5 37. e4 Rxb5 38. e5 1-0

[Event "SC Steinfurt 1 - Schach Nienberge 1"]
[Site "Regionalliga 2015/2016"]
[Date "2016.01.30"]
[Round "6.6"]
[White "Freitag, Michael"]
[Black "Althoff, Franz"]
[Result "1/2-1/2"]
[WhiteElo "1692"]
[BlackElo "2000"]
[PlyCount "58"]
[EventDate "2016.??.??"]
[SourceDate "2016.02.08"]

1. d4 Nf6 2. c3 d6 3. h3 Nbd7 4. Bf4 c6 5. Nf3 Qc7 6. e3 e5 7. dxe5 dxe5 8. Bh2
Bc5 9. Bc4 O-O 10. O-O a5 11. a4 h6 12. Qc2 Qd6 13. Rd1 Qe7 14. Na3 Re8 15. Qb3
e4 16. Nd4 Nb6 17. Be2 Nfd5 18. Nc4 Qg5 19. Bg3 Qf6 20. Nxb6 Nxb6 21. c4 Nd7
22. Bg4 Bb4 23. Bxd7 Bxd7 24. Nc2 Qe7 25. Nxb4 axb4 26. Bd6 Qg5 27. Bg3 Qe7 28.
Bd6 Qg5 29. Bg3 Qe7 1/2-1/2

[Event "SC Steinfurt 1 - Schach Nienberge 1"]
[Site "Regionalliga 2015/2016"]
[Date "2016.01.30"]
[Round "6.7"]
[White "Keller, Dirk"]
[Black "Meinert, Dominik"]
[Result "1/2-1/2"]
[WhiteElo "1887"]
[BlackElo "1606"]
[PlyCount "53"]
[EventDate "2016.??.??"]
[SourceDate "2016.02.08"]

1. d4 d5 2. c4 e6 3. Nf3 Nf6 4. Nc3 Be7 5. Bg5 h6 6. Bh4 O-O 7. e3 b6 8. Qb3
Bb7 9. Bxf6 Bxf6 10. cxd5 Bxd5 11. Nxd5 Qxd5 12. Qxd5 exd5 13. Rc1 c6 14. Bd3
Rc8 15. O-O c5 16. e4 Nd7 17. Ba6 dxe4 18. Bxc8 Rxc8 19. Ne5 Nxe5 20. dxe5 Bxe5
21. Rc2 Bd4 22. Rd1 Re8 23. Kf1 f5 24. b4 f4 25. bxc5 bxc5 26. Rb1 Re7 27. Ke2
1/2-1/2

[Event "SC Steinfurt 1 - Schach Nienberge 1"]
[Site "Regionalliga 2015/2016"]
[Date "2016.01.30"]
[Round "6.8"]
[White "Schmitz, Carolin"]
[Black "Melkert, Tim"]
[Result "1/2-1/2"]
[WhiteElo "1512"]
[BlackElo "1899"]
[PlyCount "42"]
[EventDate "2016.??.??"]
[SourceDate "2016.02.08"]

1. e4 e6 2. d4 d5 3. exd5 exd5 4. Nf3 Bd6 5. Bd3 Ne7 6. O-O O-O 7. Re1 Bf5 8.
Bg5 f6 9. Bh4 Bxd3 10. Qxd3 Re8 11. Nc3 c6 12. Bg3 Bxg3 13. fxg3 Nd7 14. g4 Ng6
15. Rxe8+ Qxe8 16. Re1 Qf7 17. Qe3 Kf8 18. Nd1 Re8 19. Qa3+ Kg8 20. Rxe8+ Qxe8
21. Qe3 Qxe3+ 1/2-1/2

[Event "SG Turm Raesfeld/Erle 1 - SC Klein-Berl"]
[Site "Regionalliga 2015/2016"]
[Date "2016.01.30"]
[Round "6.1"]
[White "Ottens, Stephan"]
[Black "Wilger, Frank"]
[Result "1/2-1/2"]
[WhiteElo "2084"]
[BlackElo "2097"]
[PlyCount "55"]
[EventDate "2016.??.??"]
[SourceDate "2016.02.08"]

1. e4 d5 2. exd5 Qxd5 3. Nc3 Qa5 4. d4 Nf6 5. Nf3 c6 6. Bc4 Bf5 7. Bd2 e6 8.
Qe2 Be7 9. Nd5 Qd8 10. Nxe7 Qxe7 11. a3 Qc7 12. Ne5 Nbd7 13. Bf4 Nxe5 14. Bxe5
Qe7 15. Bd3 Bxd3 16. Qxd3 O-O 17. O-O Rfd8 18. Qf3 Nd7 19. Bc7 Rdc8 20. Bg3 Nf8
21. Rfe1 Rd8 22. Rad1 Ng6 23. Qe4 Qg5 24. Rd3 Rd7 25. c4 h5 26. h4 Qg4 27. Qxg4
hxg4 28. Re4 1/2-1/2

[Event "SG Turm Raesfeld/Erle 1 - SC Klein-Berl"]
[Site "Regionalliga 2015/2016"]
[Date "2016.01.30"]
[Round "6.2"]
[White "Greifenberg, Daniel"]
[Black "Brümmer, Frank"]
[Result "1/2-1/2"]
[WhiteElo "2004"]
[BlackElo "2177"]
[PlyCount "23"]
[EventDate "2016.??.??"]
[SourceDate "2016.02.08"]

1. d4 d5 2. c4 e6 3. Nc3 c5 4. cxd5 cxd4 5. Qxd4 Nc6 6. Qd1 exd5 7. Qxd5 Bd7 8.
a3 Nf6 9. Qd1 Qb6 10. e3 O-O-O 11. Nf3 Kb8 12. Qc2 1/2-1/2

[Event "SG Turm Raesfeld/Erle 1 - SC Klein-Berl"]
[Site "Regionalliga 2015/2016"]
[Date "2016.01.30"]
[Round "6.3"]
[White "Langhanke, Günther"]
[Black "Gesing, Felix"]
[Result "1/2-1/2"]
[WhiteElo "1986"]
[BlackElo "1964"]
[PlyCount "43"]
[EventDate "2016.??.??"]
[SourceDate "2016.02.08"]

1. e4 d6 2. f4 d5 3. e5 Bf5 4. d4 e6 5. Nf3 c5 6. Bd3 Nh6 7. O-O Nc6 8. c3 Rc8
9. Bxf5 Nxf5 10. g4 Nh4 11. Nxh4 Qxh4 12. Be3 h5 13. g5 Qh3 14. Rf3 Qg4+ 15.
Kh1 cxd4 16. cxd4 h4 17. Nc3 Bb4 18. Rc1 h3 19. Rg3 Qxd1+ 20. Nxd1 Ke7 21. Nf2
Na5 22. Nxh3 1/2-1/2

[Event "SG Turm Raesfeld/Erle 1 - SC Klein-Berl"]
[Site "Regionalliga 2015/2016"]
[Date "2016.01.30"]
[Round "6.4"]
[White "Brömmel, Rudolf"]
[Black "Averkamp-Peters, Jens"]
[Result "1/2-1/2"]
[WhiteElo "1912"]
[BlackElo "1935"]
[PlyCount "28"]
[EventDate "2016.??.??"]
[SourceDate "2016.02.08"]

1. d4 d5 2. Bg5 Nf6 3. Bxf6 exf6 4. e3 c5 5. Nc3 Nc6 6. Nge2 Be6 7. g3 cxd4 8.
Nxd4 Bb4 9. Nxe6 fxe6 10. Qg4 Qe7 11. Bb5 O-O 12. Bxc6 bxc6 13. O-O Bxc3 14.
bxc3 f5 1/2-1/2

[Event "SG Turm Raesfeld/Erle 1 - SC Klein-Berl"]
[Site "Regionalliga 2015/2016"]
[Date "2016.01.30"]
[Round "6.5"]
[White "Kornick, Ulrich"]
[Black "Pliete, Christian"]
[Result "1/2-1/2"]
[WhiteElo "1930"]
[BlackElo "1826"]
[PlyCount "69"]
[EventDate "2016.??.??"]
[SourceDate "2016.02.08"]

1. d4 Nf6 2. Nf3 c5 3. dxc5 Qa5+ 4. c3 Qxc5 5. Bg5 Qb6 6. Qc2 g6 7. e4 Bg7 8.
Bc4 Nc6 9. Nbd2 d6 10. h3 O-O 11. O-O Bd7 12. Nb3 Rac8 13. Qe2 Qc7 14. Nbd2 Na5
15. Bd3 Qb6 16. Rfb1 a6 17. Nf1 Rfe8 18. Rd1 Be6 19. Ne3 Qa7 20. Nd4 Bd7 21.
Rac1 Nc6 22. Nf3 Be6 23. Bb1 Nd7 24. Nd5 b5 25. Qd2 Nde5 26. Nxe5 Nxe5 27. Be3
Qb7 28. b3 Rc6 29. f4 Nd7 30. f5 Bxd5 31. exd5 Rcc8 32. fxg6 fxg6 33. Be4 Rf8
34. Bd4 Ne5 35. Rf1 1/2-1/2

[Event "SG Turm Raesfeld/Erle 1 - SC Klein-Berl"]
[Site "Regionalliga 2015/2016"]
[Date "2016.01.30"]
[Round "6.6"]
[White "Bergemann, Martin"]
[Black "Hemmert, Michael"]
[Result "1/2-1/2"]
[WhiteElo "1897"]
[BlackElo "1856"]
[PlyCount "43"]
[EventDate "2016.??.??"]
[SourceDate "2016.02.08"]

1. d4 f5 2. Bg5 Nf6 3. Bxf6 exf6 4. e3 d5 5. c4 Bb4+ 6. Nc3 c6 7. cxd5 Qxd5 8.
Nge2 Qf7 9. a3 Bd6 10. g3 Be6 11. Bg2 Na6 12. b4 Nc7 13. O-O Nd5 14. Qc2 Nxc3
15. Nxc3 Rc8 16. Rfc1 O-O 17. Rab1 g5 18. a4 f4 19. Ne4 Bf5 20. Qb3 Qxb3 21.
Rxb3 Bxe4 22. Bxe4 1/2-1/2

[Event "SG Turm Raesfeld/Erle 1 - SC Klein-Berl"]
[Site "Regionalliga 2015/2016"]
[Date "2016.01.30"]
[Round "6.7"]
[White "van Dijk, Guido"]
[Black "Tünte, Marcel"]
[Result "1/2-1/2"]
[WhiteElo "1726"]
[BlackElo "1705"]
[PlyCount "35"]
[EventDate "2016.??.??"]
[SourceDate "2016.02.08"]

1. d4 d5 2. Bf4 e6 3. Nf3 Nf6 4. e3 c5 5. Bb5+ Bd7 6. Bxd7+ Qxd7 7. O-O Qb5 8.
b3 Be7 9. Nbd2 Nbd7 10. c4 Qb4 11. Qc2 O-O 12. Bc7 Qa3 13. cxd5 Nxd5 14. Bg3
cxd4 15. Nxd4 Rac8 16. Qe4 Qb4 17. N2f3 N7f6 18. Qd3 1/2-1/2

[Event "SG Turm Raesfeld/Erle 1 - SC Klein-Berl"]
[Site "Regionalliga 2015/2016"]
[Date "2016.01.30"]
[Round "6.8"]
[White "Brömmel, Chris"]
[Black "Hauk, Viktor"]
[Result "1/2-1/2"]
[WhiteElo "1792"]
[BlackElo "1772"]
[PlyCount "63"]
[EventDate "2016.??.??"]
[SourceDate "2016.02.08"]

1. e4 d5 2. exd5 Qxd5 3. Nc3 Qd6 4. Bc4 Nf6 5. Nf3 c6 6. O-O Bg4 7. h3 Bh5 8.
Re1 e6 9. d3 Be7 10. a4 O-O 11. b4 Qxb4 12. Ne4 Bxf3 13. gxf3 Qa5 14. Ng3 Nbd7
15. f4 Bb4 16. Re2 Nd5 17. Qf1 N7f6 18. Qg2 Bd6 19. Ne4 Nxe4 20. Rxe4 Qc3 21.
Ra2 Qf6 22. Bb2 Qg6 23. Be5 Qxg2+ 24. Kxg2 Bc5 25. Ra1 b6 26. Rg1 a6 27. Bb2 b5
28. Bb3 Rab8 29. Kf3 g6 30. h4 h5 31. a5 Be7 32. Rg2 1/2-1/2